LEADER 01457nam a2200289 i 4500 001 000000176824 003 CaOOAMICUS 005 20230907152437.0 008 090304s1965 it u000 u ita u 040 $aSeMil$bita 100 1 $aMarchetti, Leopoldo.$0(OLS)http://semarc/name/14338 245 10$aMilano :$bdalle cinque giornate al moto del 6 febbraio (1848-1853) /$cLeopoldo Marchetti. 264 1$aMilano :$bStrenna dell'Istituto Ortopedico Gaetano Pini,$c1965. 300 $a136 p., [23] c. di tav. ;$c27 cm. 490 1 $aLe Strenne del Pio Istituto Rachitici relative a Milano ed alla Lombardia 541 0 $aFondo card. Giovanni Colombo (3O IV 41) 650 4$aRivolta di Milano <1853>.$0(OLS)http://semarc/subject/54299 650 4$aCinque giornate di Milano <1848>.$0(OLS)http://semarc/subject/12328 650 4$aMilano - Storia - 1848-1853.$0(OLS)http://semarc/subject/33729 830 3$aLe Strenne del Pio Istituto Rachitici relative a Milano ed alla Lombardia.$0(OLS)http://semarc/title/19823 850 $aSeMil 852 $aSeMil$W1$xVenegono$y1$m3O IV 41$j127644$B127644$CSeMilBibl$Z2$F142772 $81 941 1 $a3 961 $aLascito: Colombo Card. Giovanni 996 $6245$aMilano :$bdalle cinque giornate al moto del 6 febbraio (1848-1853)$9(OLS)http://semarc/title/253905 996 $6264$aMilano :$bStrenna dell'Istituto Ortopedico Gaetano Pini$9(OLS)http://semarc/publisher/44420 LEADER 00810nam a2200217 i 4500 001 000000086001 003 CaOOAMICUS 005 20180830150004.0 008 180830s1962 xx u000 u und u 013 $a58241 040 $aSeMil$bita 100 1 $aMerton, Thomas,$c .$0(OLS)http://semarc/name/6860 245 10$aPensieri nella solitudine. 260 $aMilano :$bGarzanti,$c1962. 300 $a121 p. 650 4$aCristianesimo - Meditazioni.$0(OLS)http://semarc/subject/1977 650 4$aSolitudine.$0(OLS)http://semarc/subject/6482 850 $aSeMil 852 $aSeMil$W1$xVenegono$y1$m60 15 6 *$j49800$B49800$CSeMilBibl$Z2$F53600 $81 996 $6245$aPensieri nella solitudine$9(OLS)http://semarc/title/57332 996 $6260$aMilano :$bGarzanti$9(OLS)http://semarc/publisher/29852